[Event "XVI Memorial Edoardo Crespi Magistrale"]
[Site "Milano ITA"]
[Date "1995.12.??"]
[Round "1"]
[White "Bonanno, Alessandro"]
[Black "Scavo, Fernando"]
[Result "0-1"]
[WhiteElo "1950"]
[BlackElo "2260"]
[PlyCount "71"]
[EventDate "1995.12.07"]

1. e4 e6 2. d4 d5 3. Nd2 Nf6 4. e5 Nfd7 5. Bd3 c5 6. c3 Nc6 7. Ne2 cxd4 8. cxd4
f6 9. exf6 Nxf6 10. O-O Bd6 11. Nf3 O-O 12. Bf4 Bxf4 13. Nxf4 Ne4 14. Ne2 Rxf3
15. gxf3 Ng5 16. f4 Nh3+ 17. Kh1 Qh4 18. Qe1 Nxf4 19. Nxf4 Qxf4 20. Qe3 Qxd4
21. Qh3 g6 22. Qg3 Ne5 23. Rad1 Nxd3 24. Rxd3 Qe4+ 25. Kg1 Bd7 26. Rc1 Rf8 27.
Re3 Qf5 28. Re5 Qf6 29. Rce1 d4 30. R1e2 a6 31. a4 Rc8 32. b3 Rc3 33. Qg4 d3
34. Qd4 Rc1+ 35. Re1 Rxe1+ 36. Rxe1 0-1

[Event "XVI Memorial Edoardo Crespi Magistrale"]
[Site "Milano ITA"]
[Date "1995.12.??"]
[Round "1"]
[White "Borgo, Giulio"]
[Black "Misiano, Franco"]
[Result "0-1"]
[WhiteElo "2345"]
[BlackElo "1984"]
[PlyCount "86"]
[EventDate "1995.12.07"]

1. e4 e6 2. d4 d5 3. Nc3 Bb4 4. e5 c5 5. Bd2 Ne7 6. dxc5 O-O 7. f4 Nf5 8. Nf3
Bxc5 9. Bd3 a6 10. Qe2 Nc6 11. O-O-O b5 12. g4 Nfd4 13. Nxd4 Nxd4 14. Qg2 Bd7
15. Ne2 Nxe2+ 16. Qxe2 b4 17. f5 Bb5 18. Rhf1 Bxd3 19. Qxd3 Qc7 20. Be3 Rfc8
21. Bxc5 Qxc5 22. Kb1 Qc4 23. Qd2 Qxg4 24. f6 Qh5 25. Rg1 g6 26. Rg5 Qh4 27. b3
Rc3 28. Rdg1 a5 29. R1g4 Qh3 30. Rg3 Rxg3 31. Rxg3 Qh5 32. Qd4 Rc8 33. a3 Qxh2
34. Qd3 Rc3 35. Qxc3 bxc3 36. Rxc3 h5 37. Rc8+ Kh7 38. Rf8 Qxe5 39. Rxf7+ Kh6
40. Rf8 Qe1+ 41. Kb2 Qe5+ 42. Kb1 h4 43. f7 Kg7 0-1

[Event "XVI Memorial Edoardo Crespi Magistrale"]
[Site "Milano ITA"]
[Date "1995.12.??"]
[Round "1"]
[White "Cappello, Guido"]
[Black "Marcoli, Paolo"]
[Result "1-0"]
[WhiteElo "2235"]
[BlackElo "1945"]
[PlyCount "105"]
[EventDate "1995.12.07"]

1. e4 c5 2. Nf3 e6 3. d4 cxd4 4. Nxd4 a6 5. c4 Nf6 6. Nc3 Qc7 7. f4 d6 8. Be2
Be7 9. O-O O-O 10. Kh1 Nc6 11. Be3 Re8 12. Rc1 Bf8 13. Bf3 Bd7 14. Qe1 Rac8 15.
Qg3 Kh8 16. Nde2 Ne7 17. b3 Qb8 18. Qf2 Nc6 19. c5 Nb4 20. Rfd1 d5 21. Bd4 dxe4
22. Nxe4 Nxe4 23. Bxe4 Bc6 24. Ng3 Bxe4 25. Nxe4 Nc6 26. Nd6 Bxd6 27. cxd6 Rcd8
28. Bc5 Rd7 29. Rc2 e5 30. fxe5 Nxe5 31. Rcd2 Qd8 32. Qf4 Ng6 33. Qg3 Qf6 34.
h3 Kg8 35. Rf2 Qe5 36. Qg4 Qe6 37. Qd4 f6 38. Ba3 Qe5 39. Qc4+ Qe6 40. Re1 Ne5
41. Qc5 Qf7 42. Bb2 Qe6 43. Ba3 Red8 44. Rfe2 Qf7 45. Qd4 h6 46. Rc1 Qg6 47.
Re3 Nf7 48. Qd5 Qg5 49. Qxg5 hxg5 50. Re7 Nxd6 51. Rxd7 Rxd7 52. Rd1 Kf7 53.
Rxd6 1-0

[Event "XVI Memorial Edoardo Crespi Magistrale"]
[Site "Milano ITA"]
[Date "1995.12.??"]
[Round "1"]
[White "Cazzaniga, Walter"]
[Black "Timpani, Nicola"]
[Result "1-0"]
[WhiteElo "2190"]
[BlackElo "1900"]
[PlyCount "93"]
[EventDate "1995.12.07"]

1. d4 Nf6 2. c4 e5 3. dxe5 Ng4 4. Bf4 Bb4+ 5. Nd2 d6 6. exd6 Qf6 7. e3 Nxf2 8.
Kxf2 g5 9. Ne4 Qxb2+ 10. Be2 gxf4 11. exf4 Bf5 12. Rb1 Bc5+ 13. Nxc5 Qxb1 14.
dxc7 Nd7 15. Qd4 Rg8 16. Nxd7 Bxd7 17. Qe5+ Kf8 18. Qd6+ Ke8 19. Bd3 Qxa2+ 20.
Ne2 Qa6 21. c5 Qxd6 22. cxd6 Bc6 23. Nd4 Rxg2+ 24. Ke3 Kd7 25. Nxc6 Kxd6 26.
Be4 Rg7 27. Nxa7 Kxc7 28. Nb5+ Kb6 29. Rb1 Kc5 30. Nc3 Ra3 31. Kd3 Kd6 32. Rb6+
Kc5 33. Rb5+ Kd6 34. Rd5+ Kc7 35. Kc4 Ra1 36. Nb5+ Kb6 37. Rd6+ Ka5 38. Rd8
Rc1+ 39. Nc3 Kb6 40. Rd7 h5 41. Rxb7+ Ka6 42. Rb3 f6 43. Kd4 Rd7+ 44. Nd5 Rd1+
45. Bd3+ Ka7 46. Kc5 Rd2 47. Nb4 1-0

[Event "XVI Memorial Edoardo Crespi Magistrale"]
[Site "Milano ITA"]
[Date "1995.12.??"]
[Round "1"]
[White "Dorighet, Claudio"]
[Black "Murgia, Andrea"]
[Result "1-0"]
[WhiteElo "1714"]
[BlackElo "2185"]
[PlyCount "116"]
[EventDate "1995.12.07"]

1. c4 c5 2. Nc3 Nc6 3. g3 g6 4. Bg2 Bg7 5. Nf3 Nf6 6. O-O O-O 7. d3 d6 8. Rb1
h6 9. a3 Be6 10. b4 cxb4 11. axb4 Qd7 12. b5 Nd8 13. e4 Bh3 14. Nd5 Bxg2 15.
Nxf6+ Bxf6 16. Kxg2 Bg7 17. Nh4 Ne6 18. f4 Nd4 19. f5 g5 20. Nf3 Nxf3 21. Qxf3
a5 22. h4 f6 23. Qg4 Qe8 24. Be3 h5 25. Qe2 g4 26. Ra1 a4 27. Qd1 a3 28. Qb3
Qd7 29. Rxa3 Kh7 30. Qa2 Rac8 31. Ra7 Bh6 32. Bd4 Rb8 33. Qf2 Rbc8 34. Rfa1 Rb8
35. R1a6 Rfc8 36. Rb6 Rc7 37. Qa2 Qc8 38. Bf2 d5 39. exd5 Qxf5 40. Qe2 Kg7 41.
Re6 Kf7 42. Bb6 Rd7 43. Bc5 Bf8 44. Re4 Kg6 45. Ra1 Rc7 46. Rf1 Qd7 47. Bb4 b6
48. Re1 Rbb7 49. Re6 Kg7 50. Qe4 Ra7 51. Re2 Qd8 52. Qf5 Ra4 53. Bc3 Qa8 54.
Qg5+ Kh7 55. Qxh5+ Kg8 56. Qxg4+ Kh7 57. Qh5+ Kg8 58. Qg6+ Kh8 1-0

[Event "XVI Memorial Edoardo Crespi Magistrale"]
[Site "Milano ITA"]
[Date "1995.12.??"]
[Round "1"]
[White "Foisor, Ovidiu-Doru"]
[Black "Barlocco, Carlo"]
[Result "1-0"]
[WhiteElo "2440"]
[BlackElo "2160"]
[PlyCount "89"]
[EventDate "1995.12.07"]

1. c4 c6 2. Nf3 d5 3. e3 Nf6 4. Nc3 e6 5. d4 Nbd7 6. Qc2 Bb4 7. Bd3 O-O 8. O-O
Re8 9. a3 Bd6 10. e4 dxe4 11. Nxe4 Nxe4 12. Bxe4 h6 13. Be3 Qa5 14. c5 Bb8 15.
Qc1 Qd8 16. Bb1 f5 17. Ba2 g5 18. Qc2 Qf6 19. Rfe1 g4 20. Nd2 f4 21. Ne4 Qg6
22. Bd2 Nf8 23. Rac1 Nh7 24. Nd6 Qxc2 25. Rxc2 Bxd6 26. cxd6 Rf8 27. Re4 Nf6
28. Rxf4 h5 29. Rf5 Kf7 30. Bf4 Ke8 31. Re5 Nd5 32. Bg3 Nf6 33. Rce2 Kf7 34.
Bxe6+ Bxe6 35. Rxe6 Nd5 36. Rh6 Rh8 37. Rxh8 Rxh8 38. Kf1 h4 39. Be5 Rh5 40.
Re4 Rg5 41. d7 Rg8 42. Rxg4 Rd8 43. Rxh4 Ke6 44. Rh7 Ne7 45. Rh6+ 1-0

[Event "XVI Memorial Edoardo Crespi Magistrale"]
[Site "Milano ITA"]
[Date "1995.12.??"]
[Round "1"]
[White "Lanzani, Mario"]
[Black "Varini, Massimo"]
[Result "0-1"]
[WhiteElo "2330"]
[BlackElo "1974"]
[PlyCount "55"]
[EventDate "1995.12.07"]

1. e4 e6 2. d4 d5 3. Nc3 Bb4 4. exd5 exd5 5. Bd3 Nc6 6. a3 Be7 7. Bf4 Be6 8.
Nge2 Nf6 9. Qd2 O-O 10. O-O-O a6 11. f3 b5 12. Na2 Ne8 13. Qc3 Qd7 14. Ng3 Nd6
15. Bxd6 cxd6 16. f4 f6 17. f5 Bf7 18. Nb4 Na7 19. Nxa6 Rfc8 20. Qd2 Qb7 21.
Nb4 Bd8 22. Qf4 Nc6 23. Nxc6 Qxc6 24. Kd2 b4 25. axb4 Ra2 26. b5 Qe8 27. Rhe1
Ba5+ 28. c3 0-1

[Event "XVI Memorial Edoardo Crespi Magistrale"]
[Site "Milano ITA"]
[Date "1995.12.??"]
[Round "1"]
[White "Mordiglia, Riccardo"]
[Black "Foisor, Cristina-Adela"]
[Result "0-1"]
[WhiteElo "2015"]
[BlackElo "2345"]
[PlyCount "55"]
[EventDate "1995.12.07"]

1. e4 e5 2. Nf3 Nc6 3. Bc4 Bc5 4. c3 Nf6 5. d4 exd4 6. b4 Be7 7. e5 Ng4 8. Bf4
d5 9. Bb5 Bd7 10. Bxc6 bxc6 11. Qxd4 Be6 12. Nbd2 g5 13. Bg3 Nh6 14. Nb3 Nf5
15. Qd3 Qb8 16. Nfd4 Nxd4 17. Qxd4 Qb6 18. h4 g4 19. h5 Qxd4 20. Nxd4 Kd7 21.
Bh4 Bxh4 22. Rxh4 Rhg8 23. Kf1 a5 24. f4 gxf3 25. gxf3 axb4 26. cxb4 Ra3 27.
Nb3 Rga8 28. Rh2 0-1

[Event "XVI Memorial Edoardo Crespi Magistrale"]
[Site "Milano ITA"]
[Date "1995.12.??"]
[Round "1"]
[White "Nurkic, Sahbaz"]
[Black "Rossi, Giampiero"]
[Result "1/2-1/2"]
[WhiteElo "2420"]
[BlackElo "2135"]
[PlyCount "93"]
[EventDate "1995.12.07"]

1. e4 c5 2. c3 d5 3. exd5 Qxd5 4. d4 e6 5. Nf3 Nc6 6. Be2 cxd4 7. cxd4 Nf6 8.
Nc3 Qd6 9. O-O Be7 10. Bg5 O-O 11. Qd2 Rd8 12. Rfd1 Bd7 13. a3 Be8 14. Rac1 Nd5
15. Ne4 Bxg5 16. Qxg5 Qf4 17. Qxf4 Nxf4 18. Bf1 Rac8 19. Nc5 Rc7 20. b4 Rdc8
21. Re1 Ne7 22. Ra1 b6 23. Na6 Rc3 24. Ng5 Bc6 25. b5 Bb7 26. Nb4 h6 27. Ne4
Bxe4 28. Rxe4 Nfd5 29. Nxd5 Nxd5 30. g3 Rc1 31. Re1 Rxe1 32. Rxe1 Rc3 33. Ra1
g6 34. a4 Nc7 35. Be2 Kg7 36. Kf1 Kf6 37. Ke1 Rc2 38. Kd1 Rb2 39. Ra3 Rb4 40.
Kc2 Rxd4 41. a5 Rd5 42. axb6 axb6 43. Rb3 Rc5+ 44. Kd2 Ne8 45. Ra3 Nd6 46. Ra6
Ne4+ 47. Ke3 1/2-1/2

[Event "XVI Memorial Edoardo Crespi Magistrale"]
[Site "Milano ITA"]
[Date "1995.12.??"]
[Round "1"]
[White "Sartori, Spartaco"]
[Black "Dobosz, Henryk"]
[Result "0-1"]
[WhiteElo "2270"]
[BlackElo "2420"]
[PlyCount "65"]
[EventDate "1995.12.07"]

1. c4 e5 2. Nc3 Nc6 3. Nf3 g6 4. d4 exd4 5. Nxd4 Bg7 6. Nxc6 bxc6 7. g3 Ne7 8.
Bg2 d6 9. O-O O-O 10. Qc2 Bf5 11. e4 Be6 12. b3 c5 13. Bb2 Nc6 14. Ne2 Rb8 15.
Rad1 Bxb2 16. Qxb2 Bxc4 17. Rfe1 Bxe2 18. Rxe2 Re8 19. f4 Nd4 20. Rf2 Rb4 21.
f5 gxf5 22. exf5 f6 23. Qd2 Re4 24. Re1 Qe7 25. Rff1 Ne2+ 26. Kh1 Kg7 27. Rb1
Nd4 28. Rf4 Re2 29. Rg4+ Kh8 30. Bd5 Rb8 31. Qd3 Qe5 32. Bf3 Re3 33. Qf1 0-1

[Event "XVI Memorial Edoardo Crespi Magistrale"]
[Site "Milano ITA"]
[Date "1995.12.??"]
[Round "1"]
[White "Zoldan, Matteo"]
[Black "Medancic, Rikard"]
[Result "0-1"]
[WhiteElo "1978"]
[BlackElo "2340"]
[PlyCount "71"]
[EventDate "1995.12.07"]

1. e4 d5 2. exd5 Qxd5 3. Nc3 Qa5 4. d4 c6 5. Bc4 Bf5 6. Nf3 e6 7. O-O Nf6 8.
Re1 Be7 9. Ne5 Nbd7 10. a3 O-O 11. Bf4 Nxe5 12. Bxe5 Qb6 13. Bd3 Bxd3 14. Qxd3
Nd7 15. Bf4 Bf6 16. Be3 Qd8 17. Ne4 Be7 18. c4 a5 19. Rad1 Nf6 20. Nxf6+ Bxf6
21. Qb3 Qc7 22. Rd2 a4 23. Qb4 Be7 24. Qc3 Rfd8 25. Red1 Rd7 26. Qc2 Qa5 27.
Qe4 Bf6 28. Rd3 Rad8 29. b4 axb3 30. Rxb3 Bxd4 31. Rbd3 Bxe3 32. Qxe3 Rxd3 33.
Rxd3 Rxd3 34. Qxd3 Qe1+ 35. Qf1 Qxf1+ 36. Kxf1 0-1

[Event "XVI Memorial Edoardo Crespi Magistrale"]
[Site "Milano ITA"]
[Date "1995.12.??"]
[Round "2"]
[White "Barberi, Alessandro"]
[Black "Bonanno, Alessandro"]
[Result "1-0"]
[WhiteElo "2029"]
[BlackElo "1950"]
[PlyCount "97"]
[EventDate "1995.12.07"]

1. d4 Nf6 2. c4 g6 3. Nc3 Bg7 4. e4 d6 5. f3 O-O 6. Be3 e5 7. Nge2 c6 8. Qc2 a6
9. Rd1 Qc7 10. Nc1 Nbd7 11. Be2 b5 12. b4 Re8 13. O-O Nf8 14. Nb3 bxc4 15. Bxc4
d5 16. Bd3 Ne6 17. g3 dxe4 18. Bxe4 Nxe4 19. fxe4 exd4 20. Nxd4 Nxd4 21. Bxd4
Bxd4+ 22. Rxd4 Qb6 23. Qf2 Qc7 24. Rc4 Bh3 25. Nd5 Qa7 26. Nf6+ Kf8 27. Nxe8
Bxf1 28. Qxa7 Rxa7 29. Kxf1 Kxe8 30. Rxc6 a5 31. b5 a4 32. Ke2 Rd7 33. b6 Ke7
34. Ke3 f6 35. a3 h5 36. h4 Rd1 37. Rc7+ Kd6 38. Rg7 Ke5 39. Rxg6 Rb1 40. Rh6
Rb3+ 41. Kd2 Rxb6 42. Rxh5+ Kxe4 43. Ra5 Rb2+ 44. Kc1 Rg2 45. Rxa4+ Kf3 46. g4
Rg1+ 47. Kd2 Ra1 48. h5 Rh1 49. Rc4 1-0

[Event "XVI Memorial Edoardo Crespi Magistrale"]
[Site "Milano ITA"]
[Date "1995.12.??"]
[Round "2"]
[White "Barlocco, Carlo"]
[Black "Zoldan, Matteo"]
[Result "1-0"]
[WhiteElo "2160"]
[BlackElo "1978"]
[PlyCount "61"]
[EventDate "1995.12.07"]

1. e4 c5 2. Nf3 d6 3. d4 cxd4 4. Nxd4 Nf6 5. Nc3 e6 6. Bd3 Nc6 7. Be3 Be7 8.
O-O O-O 9. Kh1 a6 10. a4 e5 11. Nb3 Be6 12. f4 Ng4 13. Bg1 exf4 14. Rxf4 Nge5
15. Nd5 Bg5 16. Rf1 Bxd5 17. exd5 Nxd3 18. Qxd3 Ne5 19. Qg3 Rc8 20. Nd4 Bh4 21.
Qh3 Bf6 22. b3 Re8 23. Rae1 b5 24. axb5 axb5 25. c3 Rb8 26. Re4 g6 27. Nc6 Nxc6
28. Rxe8+ Qxe8 29. Rxf6 Qe7 30. dxc6 Qxf6 31. c7 1-0

[Event "XVI Memorial Edoardo Crespi Magistrale"]
[Site "Milano ITA"]
[Date "1995.12.??"]
[Round "2"]
[White "Cebalo, Miso"]
[Black "Cappello, Guido"]
[Result "0-1"]
[WhiteElo "2515"]
[BlackElo "2235"]
[PlyCount "64"]
[EventDate "1995.12.07"]

1. d4 d5 2. c4 c6 3. Nf3 e6 4. Qc2 Nf6 5. Bg5 h6 6. Bxf6 Qxf6 7. e3 Nd7 8. Nc3
Qd8 9. Bd3 Be7 10. O-O O-O 11. e4 dxc4 12. Bxc4 b5 13. Bd3 Bb7 14. a3 Rc8 15.
b4 e5 16. dxe5 c5 17. Bxb5 cxb4 18. axb4 Bxb4 19. Qa4 a5 20. Bxd7 Rxc3 21. e6
Rxf3 22. gxf3 Qg5+ 23. Kh1 Qf4 24. Kg2 fxe6 25. Bxe6+ Kh8 26. Qd1 Bd6 27. Rh1
Bxe4 28. Ra4 Bxf3+ 29. Kh3 Bg2+ 30. Kxg2 Qxf2+ 31. Kh3 Rf3+ 32. Kg4 Qg2+ 0-1

[Event "XVI Memorial Edoardo Crespi Magistrale"]
[Site "Milano ITA"]
[Date "1995.12.??"]
[Round "2"]
[White "Dobosz, Henryk"]
[Black "Cazzaniga, Walter"]
[Result "1-0"]
[WhiteElo "2420"]
[BlackElo "2190"]
[PlyCount "67"]
[EventDate "1995.12.07"]

1. c4 Nf6 2. Nc3 g6 3. e4 d6 4. d4 Bg7 5. f3 O-O 6. Bg5 c6 7. Qd2 Nbd7 8. Nh3
Qa5 9. a3 e5 10. d5 Qc7 11. b4 a5 12. Rc1 axb4 13. axb4 Re8 14. Nf2 Nh5 15. Bd3
Nf4 16. O-O Nxd3 17. Nxd3 f5 18. dxc6 bxc6 19. b5 Nb6 20. bxc6 Qxc6 21. Nd5 Be6
22. Qb4 Nc8 23. Ra1 fxe4 24. fxe4 Bg4 25. Rxa8 Qxa8 26. Nf2 Qa7 27. Be3 Qd7 28.
Nxg4 Qxg4 29. Qb7 Rf8 30. Rxf8+ Kxf8 31. h3 Qe6 32. c5 Ne7 33. Nxe7 Qxe7 34. c6
1-0

[Event "XVI Memorial Edoardo Crespi Magistrale"]
[Site "Milano ITA"]
[Date "1995.12.??"]
[Round "2"]
[White "Foisor, Cristina-Adela"]
[Black "Dorighet, Claudio"]
[Result "1-0"]
[WhiteElo "2345"]
[BlackElo "1714"]
[PlyCount "93"]
[EventDate "1995.12.07"]

1. c4 f5 2. g3 Nf6 3. Bg2 e6 4. Nf3 d5 5. b3 Be7 6. O-O O-O 7. d4 c6 8. Bb2 Ne4
9. Ne5 Qe8 10. e3 Nd7 11. Nd3 Rf6 12. f3 Ng5 13. Nd2 Rh6 14. Nf4 Bd6 15. Qc2
Nf6 16. Rae1 Nh5 17. Rf2 Nxf4 18. exf4 Nh3+ 19. Bxh3 Rxh3 20. Qxf5 exf5 21.
Rxe8+ Kf7 22. Rfe2 Rh6 23. Nb1 b6 24. cxd5 cxd5 25. Ba3 Bb7 26. Rxa8 Bxa8 27.
Bxd6 Rxd6 28. Rc2 Rc6 29. Na3 a5 30. Kf2 Bb7 31. g4 b5 32. Rc5 b4 33. Nc2 fxg4
34. fxg4 Ke6 35. Ke3 Kd6 36. Rxc6+ Bxc6 37. f5 Bb5 38. Ne1 Ke7 39. g5 h6 40. h4
hxg5 41. hxg5 Bf1 42. Nd3 Bh3 43. Kf4 Bf1 44. Nc5 Kd6 45. g6 Ke7 46. Ke5 Bg2
47. Ne6 1-0

[Event "XVI Memorial Edoardo Crespi Magistrale"]
[Site "Milano ITA"]
[Date "1995.12.??"]
[Round "2"]
[White "Marcoli, Paolo"]
[Black "Lanzani, Mario"]
[Result "0-1"]
[WhiteElo "1945"]
[BlackElo "2330"]
[PlyCount "86"]
[EventDate "1995.12.07"]

1. e4 e6 2. b3 d5 3. Bb2 dxe4 4. Nc3 Nf6 5. Qe2 Be7 6. O-O-O b6 7. Nxe4 Bb7 8.
Nxf6+ Bxf6 9. d4 O-O 10. Nf3 a5 11. a4 Na6 12. Rg1 Qd5 13. c4 Qf5 14. Bc3 Bxf3
15. gxf3 c5 16. Qe4 Rfd8 17. Qxf5 exf5 18. Bb2 Bxd4 19. Bxd4 Rxd4 20. Rxd4 cxd4
21. Bd3 Nc5 22. Kc2 Re8 23. Rb1 g6 24. b4 axb4 25. Rxb4 Ra8 26. Rxb6 Rxa4 27.
Rb5 Ra2+ 28. Kb1 Rd2 29. Bxf5 Na4 30. Rb8+ Kg7 31. Be4 d3 32. Rb3 Nc5 33. Rb5
Nxe4 34. fxe4 Rxf2 35. Rd5 Rc2 36. c5 Kf6 37. Rxd3 Rxc5 38. Rf3+ Ke6 39. Kb2
Rh5 40. Rf2 Rh4 41. Kc3 Rxe4 42. Kd3 f5 43. Ra2 Kf6 0-1

[Event "XVI Memorial Edoardo Crespi Magistrale"]
[Site "Milano ITA"]
[Date "1995.12.??"]
[Round "2"]
[White "Mariano, Elia"]
[Black "Sartori, Spartaco"]
[Result "0-1"]
[WhiteElo "1717"]
[BlackElo "2270"]
[PlyCount "33"]
[EventDate "1995.12.07"]

1. d4 e6 2. c4 Nf6 3. Nc3 Bb4 4. Qc2 c5 5. e3 Nc6 6. Nf3 O-O 7. Bd3 cxd4 8.
exd4 d5 9. cxd5 exd5 10. O-O Bg4 11. Ne5 Nxd4 12. Qa4 Qd6 13. Nxg4 Nxg4 14. f4
Qc5 15. Nd1 Nc2+ 16. Kh1 Nxa1 17. a3 0-1

[Event "XVI Memorial Edoardo Crespi Magistrale"]
[Site "Milano ITA"]
[Date "1995.12.??"]
[Round "2"]
[White "Medancic, Rikard"]
[Black "Foisor, Ovidiu-Doru"]
[Result "1/2-1/2"]
[WhiteElo "2340"]
[BlackElo "2440"]
[PlyCount "48"]
[EventDate "1995.12.07"]

1. d4 Nf6 2. c4 e6 3. Nc3 Bb4 4. Qc2 c5 5. dxc5 Bxc5 6. Nf3 Qb6 7. e3 Qc7 8.
Be2 b6 9. O-O Bb7 10. b3 Be7 11. Bb2 a6 12. Rfd1 O-O 13. Rac1 d6 14. Ng5 Nbd7
15. Bf3 Bxf3 16. Nxf3 Rfc8 17. Qb1 Qb7 18. a4 Rc7 19. Ba1 Rac8 20. h3 h6 21.
Nd2 Nc5 22. Kf1 Ncd7 23. Kg1 Nc5 24. Kf1 Ncd7 1/2-1/2

[Event "XVI Memorial Edoardo Crespi Magistrale"]
[Site "Milano ITA"]
[Date "1995.12.??"]
[Round "2"]
[White "Misiano, Franco"]
[Black "Bellini, Fabio"]
[Result "0-1"]
[WhiteElo "1984"]
[BlackElo "2350"]
[PlyCount "66"]
[EventDate "1995.12.07"]

1. e4 e5 2. Nf3 d6 3. d4 Nf6 4. Nc3 Nbd7 5. Bc4 Be7 6. O-O O-O 7. h3 c6 8. dxe5
dxe5 9. a4 Qc7 10. Qe2 Nc5 11. Rd1 Ne6 12. g3 Re8 13. Kh2 h6 14. Be3 a5 15.
Bxe6 Bxe6 16. Nd2 Reb8 17. f4 b5 18. axb5 cxb5 19. fxe5 Ne8 20. Nf3 Qb7 21. Nd5
Bf8 22. b3 b4 23. Rd2 Nc7 24. Rad1 Nb5 25. Rd3 Bxd5 26. exd5 Nc3 27. Rxc3 bxc3
28. d6 a4 29. bxa4 Rxa4 30. Nd4 Qd7 31. Qf2 Ra2 32. Rf1 Re8 33. Qf4 g6 0-1

[Event "XVI Memorial Edoardo Crespi Magistrale"]
[Site "Milano ITA"]
[Date "1995.12.??"]
[Round "2"]
[White "Murgia, Andrea"]
[Black "Mordiglia, Riccardo"]
[Result "0-1"]
[WhiteElo "2185"]
[BlackElo "2015"]
[PlyCount "74"]
[EventDate "1995.12.07"]

1. e4 e5 2. Nf3 d6 3. d4 Nf6 4. Nc3 Nbd7 5. Bg5 Be7 6. Qd2 h6 7. Be3 c6 8. h3
Qc7 9. Be2 b5 10. a3 a6 11. O-O g5 12. Nh2 Nf8 13. h4 Ng6 14. hxg5 hxg5 15.
dxe5 dxe5 16. Bxg5 Nh5 17. g3 f6 18. Be3 b4 19. axb4 Bxb4 20. Bxh5 Rxh5 21. f3
Be6 22. Rad1 a5 23. Qe2 Qh7 24. Rf2 Bxc3 25. bxc3 a4 26. c4 Rh3 27. Rg2 Qf7 28.
Qd2 a3 29. Qc3 Qb7 30. Ng4 Bxg4 31. fxg4 a2 32. Kf2 Qb1 33. Rgg1 Rh2+ 34. Kf3
Qxc2 35. Qxc2 Rxc2 36. c5 Ra3 37. Ra1 Nf8 0-1

[Event "XVI Memorial Edoardo Crespi Magistrale"]
[Site "Milano ITA"]
[Date "1995.12.??"]
[Round "2"]
[White "Rossi, Giampiero"]
[Black "Bressanelli, Roberto"]
[Result "0-1"]
[WhiteElo "2135"]
[BlackElo "1906"]
[PlyCount "123"]
[EventDate "1995.12.07"]

1. d4 d5 2. c4 dxc4 3. Nf3 Nf6 4. e3 a6 5. Bxc4 e6 6. O-O c5 7. Nc3 b5 8. Bd3
Bb7 9. Qe2 Be7 10. dxc5 Nc6 11. Rd1 Qc7 12. Bd2 Bxc5 13. Rac1 Qb6 14. a3 O-O
15. Ne4 Be7 16. Nxf6+ Bxf6 17. Bc3 Bxc3 18. Rxc3 Ne7 19. Bb1 Rfd8 20. Rxd8+
Rxd8 21. Rd3 Bxf3 22. Rxd8+ Qxd8 23. Qxf3 g6 24. Qe2 Qc7 25. Qc2 Qe5 26. g3 Nd5
27. Ba2 Nb6 28. Bb3 Qd6 29. Qc3 Nd7 30. Kf1 Ne5 31. Ke2 a5 32. Qd4 Qc7 33. f4
Nd7 34. e4 Qc6 35. Kd2 Kf8 36. Bc2 Ke7 37. Qc3 Qb6 38. Qe3 Qd6+ 39. Qd3 Qc5 40.
Qe3 Qd6+ 41. Qd3 e5 42. Qxd6+ Kxd6 43. b4 a4 44. Ke3 f6 45. Bd3 Kc6 46. Be2 h6
47. h4 Kb6 48. Bg4 Nb8 49. fxe5 fxe5 50. Be6 Nc6 51. Bf7 Nd4 52. Bxg6 Nc2+ 53.
Kd3 Nxa3 54. Bf7 h5 55. Bxh5 Nc4 56. Bd1 Nd6 57. g4 Kc7 58. g5 Kd8 59. Bg4 Ke7
60. h5 Nxe4 61. Bf3 Nd6 62. Bd5 0-1

[Event "XVI Memorial Edoardo Crespi Magistrale"]
[Site "Milano ITA"]
[Date "1995.12.??"]
[Round "2"]
[White "Scavo, Fernando"]
[Black "Drazic, Sinisa"]
[Result "0-1"]
[WhiteElo "2260"]
[BlackElo "2405"]
[PlyCount "54"]
[EventDate "1995.12.07"]

1. d4 c5 2. d5 e5 3. c4 d6 4. Nc3 g6 5. e4 Bg7 6. f4 Nd7 7. Nf3 a6 8. Bd3 Qe7
9. O-O exf4 10. Bxf4 Ne5 11. Qd2 Bd7 12. Bg5 Bf6 13. Bxf6 Nxf6 14. Nxe5 Qxe5
15. Rxf6 Qxf6 16. e5 dxe5 17. Ne4 Qe7 18. d6 Qe6 19. Be2 O-O 20. Qh6 f6 21. Rf1
Bc6 22. Bd3 Rf7 23. h4 Raf8 24. h5 Qg4 25. hxg6 hxg6 26. Re1 Rh7 27. Qe3 f5 0-1

[Event "XVI Memorial Edoardo Crespi Magistrale"]
[Site "Milano ITA"]
[Date "1995.12.??"]
[Round "2"]
[White "Timpani, Nicola"]
[Black "Albanesi, Roberto"]
[Result "0-1"]
[WhiteElo "1900"]
[BlackElo "2184"]
[PlyCount "65"]
[EventDate "1995.12.07"]

1. e4 Nf6 2. e5 Nd5 3. c4 Nb6 4. c5 Nd5 5. Bc4 c6 6. Nc3 d6 7. Qb3 Nd7 8. Nxd5
Nxc5 9. Nc7+ Kd7 10. Qe3 Kxc7 11. Bxf7 Bf5 12. Nf3 Nd3+ 13. Kd1 Nxc1 14. Rxc1
Bg4 15. e6 g6 16. Qd4 Bxf3+ 17. gxf3 Bh6 18. h4 d5 19. h5 Qd6 20. Ke2 Bf4 21.
b4 b6 22. Rc2 Be5 23. Qe3 Rac8 24. d4 Bf4 25. Qc3 Kb7 26. a4 g5 27. Ra1 Rhd8
28. Rb2 Ka8 29. Qd3 c5 30. bxc5 bxc5 31. Qxh7 cxd4 32. Qd3 Rc3 33. Qxd4 0-1

[Event "XVI Memorial Edoardo Crespi Magistrale"]
[Site "Milano ITA"]
[Date "1995.12.??"]
[Round "2"]
[White "Varini, Massimo"]
[Black "Nurkic, Sahbaz"]
[Result "0-1"]
[WhiteElo "1974"]
[BlackElo "2420"]
[PlyCount "108"]
[EventDate "1995.12.07"]

1. Nf3 g6 2. e4 Bg7 3. d4 c6 4. Bd3 d6 5. Nbd2 Nd7 6. O-O Qc7 7. Re1 e5 8. dxe5
dxe5 9. b4 Ngf6 10. Bb2 O-O 11. Nc4 Nh5 12. Bf1 Re8 13. Qd6 Qd8 14. Rad1 Bf8
15. Qd2 Qc7 16. Qc3 f6 17. a4 Nf4 18. g3 Ne6 19. Bh3 Nb6 20. Qb3 Nxc4 21. Qxc4
Qf7 22. Bf1 Nc7 23. Qc3 Be6 24. Nd2 Qe7 25. b5 cxb5 26. axb5 Rac8 27. Qf3 Qf7
28. Nb3 b6 29. Ra1 Ra8 30. Red1 Rec8 31. Ba3 Ne8 32. Bxf8 Qxf8 33. Bd3 Nd6 34.
Ra6 Qe7 35. Rda1 Kg7 36. Nd2 Qb7 37. Qe2 Rc7 38. Nf1 Rac8 39. Rxa7 Qxa7 40.
Rxa7 Rxa7 41. Ne3 Ra4 42. f3 Rc5 43. Kg2 Ra5 44. g4 Rc7 45. h4 h6 46. Nd5 Bxd5
47. exd5 Ra4 48. Qe3 Rc5 49. Kg3 Rd4 50. g5 hxg5 51. hxg5 Rf4 52. gxf6+ Kxf6
53. Be4 Rxe4 54. fxe4 Rc3 0-1

[Event "XVI Memorial Edoardo Crespi Magistrale"]
[Site "Milano ITA"]
[Date "1995.12.??"]
[Round "3"]
[White "Bellini, Fabio"]
[Black "Dobosz, Henryk"]
[Result "0-1"]
[WhiteElo "2350"]
[BlackElo "2420"]
[PlyCount "78"]
[EventDate "1995.12.07"]

1. e4 c5 2. Nf3 d6 3. d4 Nf6 4. Nc3 cxd4 5. Nxd4 a6 6. a4 e5 7. Nf3 h6 8. Bc4
Be7 9. O-O Be6 10. Bxe6 fxe6 11. Nh4 Kf7 12. f4 exf4 13. Bxf4 Nc6 14. Bg3 Qc7
15. Qh5+ Kg8 16. Qe2 Ne5 17. Bxe5 dxe5 18. Ng6 Rh7 19. Nxe7+ Qxe7 20. Qc4 Rh8
21. Ra3 Kh7 22. Rb3 Rhf8 23. Qb4 Qc7 24. Qb6 Qc4 25. Qb4 Qc7 26. Qb6 Qd7 27. h3
Nh5 28. Rd1 Qf7 29. Ne2 Rac8 30. Rf3 Nf6 31. Nc3 Rc6 32. Qa5 Qh5 33. Qb4 Rf7
34. Rd6 Qg5 35. Rd1 Rfc7 36. Rd8 Rf7 37. Rd1 Rfc7 38. Rd8 Rf7 39. Rd1 Rcc7 0-1

[Event "XVI Memorial Edoardo Crespi Magistrale"]
[Site "Milano ITA"]
[Date "1995.12.??"]
[Round "3"]
[White "Bonanno, Alessandro"]
[Black "Mariano, Elia"]
[Result "1-0"]
[WhiteElo "1950"]
[BlackElo "1717"]
[PlyCount "65"]
[EventDate "1995.12.07"]

1. e4 c6 2. d4 d5 3. e5 Bf5 4. Nc3 e6 5. g4 Bg6 6. Nge2 Nd7 7. h4 h6 8. Be3 Qc7
9. Qd2 c5 10. f4 a6 11. Bg2 Ne7 12. O-O O-O-O 13. h5 Bh7 14. Na4 c4 15. b3 g6
16. bxc4 Qxc4 17. Nb2 Qc7 18. c4 Kb8 19. cxd5 Nxd5 20. Rac1 Qb6 21. Bxd5 exd5
22. Nc3 gxh5 23. Nxd5 Qe6 24. Qg2 Qxg4 25. Nc3 Qh4 26. Bf2 Qxf4 27. Bg3 Qxd4+
28. Kh1 Rg8 29. Rfd1 Qg4 30. Rxd7 Rxd7 31. e6+ Qxg3 32. Qxg3+ Rxg3 33. exd7 1-0